000 00333 a2200157 4500
001 158912
020 _a
040 _cMagnum
100 _aVianna, Helio
240 1 0 _aHistoria do brasil v.1
_lpor
245 1 0 _aHistoria do brasil v.1
362 0 _a1899
440 1 _aMelhoramentos
697 _aMAGNITO: COLECAO
942 _cBK
999 _c158912
_d158912